00329nam a2200121Ia 4500008004100000041000800041082001200049100001700061245002500078260006900103300002400172365001100196240624s9999 xx 000 0 und d aeng a823 IMM aIMMELMAN RAY aGREAT BOSS DEAD BOSS c2007aMadrasbProductivity and Quality Publishing Private Limite a317 : p. : cm. ; 22 cRSb28